000 00478nam a22001697a 4500
005 20251108164226.0
008 250721s1995 xx 000 0 ara d
082 1 4 _a618.2/سام
100 1 _aمحمود، سامي
245 1 0 _aإرشادات صحية للأم الحامل /
264 1 _aالاسكندرية :
_bالمركز العربي للنشر،
_c1995.
300 _a62ص
650 1 7 _aالحمل
650 1 7 _aالولادة
942 _2ddc
_cBK
999 _c6846
_d6846